000 00377nam a2200145 i 4500
001 bg
100 1 _aWOŁKOWIŃSKI, Konstanty
245 0 _aUziemienia urządzeń elektroenergetycznych /
_cK. Wołkowiński.
250 _aWyd.3 rozsz. i całk. zm.
260 _aWarszawa,
_c1967.
040 _cBPK
041 _apol
942 _cKS
008 s pl f |000 0 pol
999 _c4809
_d4809
856 _uhttp://koha.tu.koszalin.pl/cgi-bin/koha/opac-detail.pl?biblionumber=4809
_yKatalog online BPK